[Event "Bez EM 2007"]
[Site "Osterode"]
[Date "2007.09.29"]
[Round "3.9"]
[White "Preuß, Oliver"]
[Black "Marks, Udo"]
[Result "0-1"]
[WhiteElo "1736"]
[BlackElo "1723"]
[PlyCount "84"]
[EventDate "2007.??.??"]
[EventType "swiss"]
[EventRounds "5"]
[EventCountry "GER"]

1. c4 f5 2. Nc3 Nf6 3. g3 e5 4. Bg2 c6 5. d4 e4 6. d5 Bb4 7. Bd2 Bxc3 8. Bxc3
O-O 9. Qb3 Qb6 10. d6 Qxb3 11. axb3 c5 12. b4 cxb4 13. Bxb4 Nc6 14. Bc3 b6 15.
Nh3 Bb7 16. O-O Nd8 17. Rfd1 Ne6 18. e3 g5 19. Bf1 f4 20. gxf4 gxf4 21. Nxf4
Nxf4 22. exf4 Kf7 23. Bh3 Ng4 24. Bxg4 Rg8 25. Kf1 Rxg4 26. Be5 e3 27. Ke2 exf2
28. Kxf2 Rg2+ 29. Ke3 Rxh2 30. Rg1 Rg2 31. Rh1 Rg3+ 32. Kf2 Rag8 33. Rxh7+ Ke6
34. Rh2 Rf3+ 35. Ke2 Rgg3 36. Rxa7 Re3+ 37. Kd2 Rd3+ 38. Kc2 Be4 39. Rh6+ Kf5
40. Rh5+ Kg6 41. Rh8 Rxd6+ 42. Kc1 Rg1# 0-1

[Event "Bez EM 2007"]
[Site "Osterode"]
[Date "2007.09.29"]
[Round "2.10"]
[White "Grosse, Stefan"]
[Black "Weiser, Klaus-Dieter"]
[Result "0-1"]
[WhiteElo "1673"]
[BlackElo "1474"]
[PlyCount "104"]
[EventDate "2007.??.??"]
[EventType "swiss"]
[EventRounds "5"]
[EventCountry "GER"]

1. e4 e6 2. d4 d5 3. e5 c5 4. c3 Nc6 5. Nf3 Qb6 6. a3 Bd7 7. b4 cxd4 8. cxd4
Be7 9. g3 f5 10. h4 O-O-O 11. Bh3 Kb8 12. O-O Rc8 13. Bg5 h6 14. Bxe7 Ngxe7 15.
Kg2 g5 16. hxg5 hxg5 17. Nxg5 Qxd4 18. Qxd4 Nxd4 19. Nd2 Ng6 20. f4 Rc2 21. Rf2
Rg8 22. Re1 Bc6 23. Ndf3 Rxf2+ 24. Kxf2 Nxf3 25. Nxf3 Ba4 26. Rh1 Rc8 27. Bf1
Rc2+ 28. Kg1 Rc3 29. Be2 d4 30. Nxd4 Rxg3+ 31. Kf2 Rxa3 32. Rh6 Nxf4 33. Nxe6
Nxe6 34. Rxe6 Bd7 35. Rf6 Rh3 36. e6 Bc6 37. e7 Rh2+ 38. Ke3 Kc7 39. Rf8 f4+
40. Kd2 f3 41. e8=Q Bxe8 42. Rxe8 Rxe2+ 43. Rxe2 fxe2 44. Kxe2 Kd6 45. Kd3 Kd5
46. Kc3 b5 47. Kd3 a6 48. Kc3 Ke4 49. Kc2 Kd4 50. Kb3 Kd3 51. Kb2 Kc4 52. Ka3
Kc3 0-1

[Event "Bez EM 2007"]
[Site "Osterode"]
[Date "2007.09.29"]
[Round "2.11"]
[White "Henke, Wolfgang"]
[Black "Thiele, Olaf"]
[Result "1-0"]
[WhiteElo "1600"]
[BlackElo "1384"]
[PlyCount "89"]
[EventDate "2007.??.??"]
[EventType "swiss"]
[EventRounds "5"]
[EventCountry "GER"]

1. c4 f5 2. g3 e6 3. Bg2 Nf6 4. Nc3 d5 5. cxd5 exd5 6. d4 c6 7. Nf3 Nbd7 8. O-O
Bd6 9. Bh3 Nb6 10. Nh4 g6 11. Bh6 Qe7 12. Qc1 Be6 13. Nf3 Qf7 14. Ng5 Qd7 15.
f3 Bc7 16. Qe3 Ke7 17. Qxe6+ Qxe6 18. Nxe6 Kxe6 19. e4 Nc4 20. Rae1 dxe4 21.
fxe4 Kf7 22. exf5 gxf5 23. Rxf5 Rae8 24. Ref1 Bd8 25. Bg5 Re6 26. R5f3 Rhe8 27.
Bxe6+ Rxe6 28. b3 Nd6 29. d5 cxd5 30. Nxd5 Nde8 31. Nxf6 Nxf6 32. Bxf6 Rxf6 33.
Rxf6+ Bxf6 34. g4 Ke6 35. Kg2 h6 36. Kf3 Kd7 37. Ke4 Bg5 38. Rf7+ Kc6 39. Rf5
a6 40. h3 b5 41. Re5 a5 42. Kf5 Kb6 43. Kg6 a4 44. bxa4 bxa4 45. Rxg5 1-0

[Event "Bez EM 2007"]
[Site "Osterode"]
[Date "2007.09.29"]
[Round "3.4"]
[White "Braun, Ingram"]
[Black "Beulshausen, Ralf"]
[Result "1/2-1/2"]
[WhiteElo "1841"]
[BlackElo "1604"]
[PlyCount "28"]
[EventDate "2007.??.??"]
[EventType "swiss"]
[EventRounds "5"]
[EventCountry "GER"]

1. e4 e6 2. f4 d5 3. e5 c5 4. Nf3 Nc6 5. c3 Nh6 6. Na3 Bd7 7. Nc2 Be7 8. d3 Rc8
9. Qe2 a6 10. Bd2 b5 11. g3 Qb6 12. Bg2 d4 13. O-O Nf5 14. Kh1 h5 1/2-1/2

[Event "Bez EM 2007"]
[Site "Osterode"]
[Date "2007.09.29"]
[Round "4.1"]
[White "Pietsch, Michael"]
[Black "Helmke, Carsten"]
[Result "1/2-1/2"]
[WhiteElo "2057"]
[BlackElo "1992"]
[PlyCount "41"]
[EventDate "2007.??.??"]
[EventType "swiss"]
[EventRounds "5"]
[EventCountry "GER"]

1. d4 Nf6 2. c4 e6 3. g3 d5 4. Bg2 Be7 5. Nf3 O-O 6. O-O dxc4 7. Ne5 c6 8. Nc3
a6 9. a4 Nd5 10. Nxc4 Nd7 11. e4 Nxc3 12. bxc3 b5 13. Ne3 Bb7 14. Qb3 Nf6 15.
Rd1 Qc7 16. c4 Rab8 17. f4 c5 18. d5 exd5 19. cxd5 c4 20. Qc2 Bc5 21. Kh1
1/2-1/2

[Event "Bez EM 2007"]
[Site "Osterode"]
[Date "2007.09.29"]
[Round "4.2"]
[White "Seifart, Mario"]
[Black "Geers, Bernhard"]
[Result "0-1"]
[WhiteElo "1846"]
[BlackElo "1996"]
[PlyCount "106"]
[EventDate "2007.??.??"]
[EventType "swiss"]
[EventRounds "5"]
[EventCountry "GER"]

1. d4 Nf6 2. c4 g6 3. Nc3 Bg7 4. e4 d6 5. f3 O-O 6. Be3 Nbd7 7. Qd2 e5 8. d5
Nh5 9. Nge2 f5 10. exf5 gxf5 11. Bg5 Ndf6 12. O-O-O a6 13. Rg1 Qe8 14. Bh6 Kh8
15. Bxg7+ Nxg7 16. Ng3 Bd7 17. Bd3 b5 18. Qg5 bxc4 19. Bxf5 Nxf5 20. Nxf5 Bxf5
21. Qxf5 Nxd5 22. Qe4 Nxc3 23. bxc3 Qa4 24. Qc2 Qa3+ 25. Kd2 Rab8 26. Rb1 Rb5
27. Rgc1 Rd5+ 28. Ke2 Qc5 29. Qe4 Rf4 30. Qe3 Qxe3+ 31. Kxe3 Ra5 32. Rc2 Kg7
33. Rb7 Rf7 34. Ra7 Kf6 35. h4 Ke6 36. Rb2 d5 37. Rbb7 Kd6 38. Rb6+ Kc5 39.
Rbxa6 Rxa6 40. Rxa6 c6 41. Ra5+ Kb6 42. Ra8 Kc5 43. Ra5+ Kd6 44. Ra8 e4 45. Re8
exf3 46. gxf3 Ra7 47. Rd8+ Kc5 48. f4 Ra3 49. f5 Rxc3+ 50. Kf4 Rc2 51. f6 Rf2+
52. Ke3 Rxf6 53. a4 Rh6 0-1

[Event "Bez EM 2007"]
[Site "Osterode"]
[Date "2007.09.29"]
[Round "4.3"]
[White "Beulshausen, Ralf"]
[Black "Markgraf, Stefan"]
[Result "1/2-1/2"]
[WhiteElo "1604"]
[BlackElo "2097"]
[PlyCount "46"]
[EventDate "2007.??.??"]
[EventType "swiss"]
[EventRounds "5"]
[EventCountry "GER"]

1. e4 e5 2. Nf3 Nc6 3. Bb5 a6 4. Ba4 Nf6 5. O-O b5 6. Bb3 Be7 7. Re1 O-O 8. c3
d5 9. exd5 Nxd5 10. Nxe5 Nxe5 11. Rxe5 c6 12. d4 Bd6 13. Re1 Qh4 14. g3 Qh3 15.
Bxd5 cxd5 16. Qf3 Bg4 17. Qxd5 Rae8 18. Be3 Be6 19. Qxd6 Rd8 20. Qf4 f6 21. Qh4
Qf5 22. Qf4 Qh3 23. Qh4 Qf5 1/2-1/2

[Event "Bez EM 2007"]
[Site "Osterode"]
[Date "2007.09.29"]
[Round "4.4"]
[White "Rüggeberg, Jan"]
[Black "Schubert, Matthias"]
[Result "0-1"]
[WhiteElo "1824"]
[BlackElo "1891"]
[PlyCount "99"]
[EventDate "2007.??.??"]
[EventType "swiss"]
[EventRounds "5"]
[EventCountry "GER"]

1. d3 e5 2. h3 Bc5 3. a3 d5 4. g4 Qf6 5. Nf3 Bd7 6. Nc3 c6 7. Bg2 Na6 8. e4 d4
9. Ne2 Qe7 10. Ng3 g6 11. g5 Nc7 12. h4 h6 13. h5 hxg5 14. hxg6 Rxh1+ 15. Bxh1
f6 16. Nxg5 fxg5 17. Qh5 Qg7 18. Qh7 Qf8 19. Bxg5 Be7 20. g7 Qf7 21. Bxe7 Nxe7
22. Nf5 Bxf5 23. exf5 O-O-O 24. O-O-O Rg8 25. Rg1 Qxf5 26. Qxf5+ Nxf5 27. Be4
Nxg7 28. Bh7 Rf8 29. Rxg7 Rxf2 30. Rg8+ Kd7 31. Rb8 b5 32. Rb7 a6 33. Be4 Rf6
34. Kd1 a5 35. Ke2 Rh6 36. Kf2 Kd6 37. Rb6 Nd5 38. Ra6 a4 39. c4 dxc3 40. bxc3
Kc5 41. c4 Nc3 42. Bf3 bxc4 43. dxc4 e4 44. Bg2 Kxc4 45. Rb6 Kd3 46. Ke1 Kc2
47. Rb4 Rd6 48. Rc4 Kb3 49. Rc5 Nb5 50. Bh3 0-1

[Event "Bez EM 2007"]
[Site "Osterode"]
[Date "2007.09.29"]
[Round "4.5"]
[White "Wilting, Alexander"]
[Black "Krumschmidt, Michael"]
[Result "1-0"]
[WhiteElo "1836"]
[BlackElo "1708"]
[PlyCount "133"]
[EventDate "2007.??.??"]
[EventType "swiss"]
[EventRounds "5"]
[EventCountry "GER"]

1. e4 c5 2. Nf3 Nc6 3. Nc3 g6 4. d4 cxd4 5. Nxd4 Bg7 6. Be3 e6 7. Ndb5 Nge7 8.
Nd6+ Kf8 9. f4 Qa5 10. Qd2 Qb4 11. e5 Nxe5 12. fxe5 Bxe5 13. Nde4 d5 14. Bc5
Qa5 15. b4 Qc7 16. Nb5 Qc6 17. Bd4 Bxd4 18. Qxd4 dxe4 19. Qxh8+ Ng8 20. Qc3
Qxc3+ 21. Nxc3 f5 22. Bc4 Nf6 23. Rd1 Ke7 24. Ke2 f4 25. g3 e5 26. h3 g5 27.
Nd5+ Nxd5 28. Bxd5 Bf5 29. g4 Bg6 30. c4 e3 31. Kf3 Kf6 32. c5 Re8 33. Be4
Bxe4+ 34. Kxe4 Ke7 35. a4 Rf8 36. Rh2 Ke6 37. Rd5 Kf6 38. Rxe5 Rd8 39. Rf5+ Ke6
40. Kf3 Rd4 41. Rxg5 Rxb4 42. Ra2 Rc4 43. Rf5 Rc3 44. Ke4 Ke7 45. Kxf4 Kd7 46.
Re5 e2 47. Raxe2 Rxh3 48. Rh5 Ra3 49. Re4 Kc6 50. Rc4 Ra1 51. Ke5 Re1+ 52. Kf6
a6 53. Kg7 Re7+ 54. Kg8 h6 55. Rxh6+ Kd5 56. Rc1 Re4 57. g5 Rxa4 58. Rb6 Rg4
59. g6 a5 60. g7 a4 61. Rxb7 a3 62. Kf8 Kc6 63. Rb6+ Kd7 64. g8=Q a2 65. Qe6+
Kd8 66. Rd1+ Kc7 67. Qc6# 1-0

[Event "Bez EM 2007"]
[Site "Osterode"]
[Date "2007.09.29"]
[Round "4.6"]
[White "Weiser, Klaus-Dieter"]
[Black "Jacobi, Felix-Hagen"]
[Result "0-1"]
[WhiteElo "1474"]
[BlackElo "1914"]
[PlyCount "90"]
[EventDate "2007.??.??"]
[EventType "swiss"]
[EventRounds "5"]
[EventCountry "GER"]

1. e4 e6 2. d4 d5 3. exd5 exd5 4. Nf3 Bd6 5. Nc3 c6 6. Be2 Bf5 7. O-O Nd7 8.
Re1 Ne7 9. Bd3 Bg4 10. h3 Bh5 11. Be2 Qc7 12. Ne5 Bg6 13. Bg4 f5 14. Nxg6 hxg6
15. Bf3 O-O-O 16. Bg5 Nf6 17. a3 Nh7 18. Bxe7 Bxe7 19. Qe2 Bf6 20. Qd3 Ng5 21.
Be2 Rh4 22. Qg3 Qxg3 23. fxg3 Bxd4+ 24. Kh2 Rhh8 25. Bf1 Rde8 26. Rab1 Bxc3 27.
bxc3 b5 28. Rxe8+ Rxe8 29. a4 a6 30. axb5 axb5 31. Ra1 Kb7 32. Ra5 Re3 33. Bd3
Ne4 34. g4 f4 35. Ra1 g5 36. Kg1 Nxc3 37. Kf2 Ne4+ 38. Bxe4 dxe4 39. Rd1 Kc7
40. Rd4 Kb6 41. Rd7 Rc3 42. Rxg7 Rxc2+ 43. Kf1 Kc5 44. Rxg5+ Kd4 45. h4 Kd3 0-1

[Event "Bez EM 2007"]
[Site "Osterode"]
[Date "2007.09.29"]
[Round "4.7"]
[White "Tietze, Manfred"]
[Black "Braun, Ingram"]
[Result "1/2-1/2"]
[WhiteElo "1896"]
[BlackElo "1841"]
[PlyCount "126"]
[EventDate "2007.??.??"]
[EventType "swiss"]
[EventRounds "5"]
[EventCountry "GER"]

1. e4 c5 2. Nf3 e6 3. c3 Nf6 4. Qe2 Be7 5. g3 O-O 6. Bg2 Nc6 7. O-O d5 8. d3
dxe4 9. dxe4 e5 10. Nbd2 a6 11. a4 Rb8 12. Nc4 Qc7 13. Ncxe5 Be6 14. Nxc6 Qxc6
15. Ng5 Bg4 16. Qc2 Nd7 17. e5 Qg6 18. Be4 Qh5 19. Nxh7 Nxe5 20. f4 Nf3+ 21.
Bxf3 Bxf3 22. Nxf8 Bxf8 23. Qf2 Bc6 24. f5 Re8 25. Be3 Qg4 26. Rfe1 Qe4 27. Kf1
Re5 28. b3 Rxf5 29. Bf4 Qd3+ 30. Qe2 Qd5 31. h4 Bd6 32. c4 Qh1+ 33. Kf2 Qg2+
34. Ke3 Bxf4+ 35. gxf4 Qe4+ 36. Kd2 Qxf4+ 37. Qe3 Qxh4 38. Re2 Rf4 39. Qe7 Rd4+
40. Kc1 Qg3 41. Qe3 Qxe3+ 42. Rxe3 Be4 43. Kb2 f5 44. Rf1 g5 45. Rg3 g4 46. Kc3
a5 47. Rf2 Kg7 48. Rd2 Rxd2 49. Kxd2 Kg6 50. Rg1 Kg5 51. Ke3 Bf3 52. Kf2 f4 53.
Re1 Bc6 54. Re7 g3+ 55. Kg1 Kg4 56. Rg7+ Kf3 57. Re7 Be4 58. Rg7 Ke3 59. Rg5 g2
60. Rg7 f3 61. Rf7 Ke2 62. Rf8 Ke3 63. Rf6 Ke2 1/2-1/2

[Event "Bez EM 2007"]
[Site "Osterode"]
[Date "2007.09.29"]
[Round "4.8"]
[White "Wiegand, Christian"]
[Black "Henke, Wolfgang"]
[Result "1/2-1/2"]
[WhiteElo "1779"]
[BlackElo "1600"]
[PlyCount "100"]
[EventDate "2007.??.??"]
[EventType "swiss"]
[EventRounds "5"]
[EventCountry "GER"]

1. Nf3 Nc6 2. c4 e5 3. d3 Bb4+ 4. Bd2 Bxd2+ 5. Kxd2 f5 6. Nc3 Nf6 7. h3 d6 8.
e3 a6 9. a3 Bd7 10. Qc2 Qe7 11. Re1 h6 12. h4 O-O-O 13. h5 Qf7 14. Be2 e4 15.
Nd4 exd3 16. Bxd3 Ne5 17. Bxf5 Nxh5 18. Nd5 Nf6 19. Nxf6 Qxf6 20. Bxd7+ Nxd7
21. f3 Rhe8 22. Kc1 Kb8 23. Nf5 Re5 24. e4 Rc5 25. b4 Rc6 26. Kb1 b5 27. Qd2
Rxc4 28. Rc1 Nb6 29. Ne3 Rd4 30. Qe2 Qe6 31. Rc3 Na4 32. Rd3 Qe5 33. Rc1 c5 34.
Ng4 Qe6 35. Ne3 Rxd3 36. Qxd3 c4 37. Qd4 Qe5 38. Qxe5 dxe5 39. Nd5 Kb7 40. Kc2
Nb6 41. Nc3 Kc6 42. Rf1 Rd3 43. Rh1 Na4 44. Nb1 Rb3 45. Rh2 Rb2+ 46. Kc1 Ra2
47. Rh5 Kd6 48. g4 Rf2 49. g5 Rf1+ 50. Kc2 Rf2+ 1/2-1/2

[Event "Bez EM 2007"]
[Site "Osterode"]
[Date "2007.09.29"]
[Round "4.9"]
[White "Marks, Udo"]
[Black "Geiser, Kirsten-Horst"]
[Result "1-0"]
[WhiteElo "1723"]
[BlackElo "1623"]
[PlyCount "67"]
[EventDate "2007.??.??"]
[EventType "swiss"]
[EventRounds "5"]
[EventCountry "GER"]

1. e4 c5 2. f4 d6 3. Nf3 Bg4 4. Bb5+ Nd7 5. O-O e6 6. Nc3 Be7 7. h3 Bxf3 8.
Qxf3 Nh6 9. g4 a6 10. Bxd7+ Qxd7 11. g5 Ng8 12. d3 h6 13. f5 O-O-O 14. h4 hxg5
15. hxg5 f6 16. g6 Nh6 17. Bd2 exf5 18. Nd5 Kb8 19. exf5 Rde8 20. Rae1 Bd8 21.
Rxe8 Qxe8 22. Re1 Qa4 23. c4 Qc2 24. Re2 Nxf5 25. Qf4 Rh4 26. Be1 Rxf4 27. Rxc2
Rf3 28. Re2 Rxd3 29. Re8 Kc8 30. Ba5 b5 31. Rxd8+ Kb7 32. Rd7+ Kb8 33. Bb6 bxc4
34. Ba7+ 1-0

[Event "Bez EM 2007"]
[Site "Osterode"]
[Date "2007.09.29"]
[Round "4.10"]
[White "Renziehausen, Klaus"]
[Black "Preuß, Oliver"]
[Result "1/2-1/2"]
[WhiteElo "1467"]
[BlackElo "1736"]
[PlyCount "48"]
[EventDate "2007.??.??"]
[EventType "swiss"]
[EventRounds "5"]
[EventCountry "GER"]

1. e4 c5 2. Nc3 Nc6 3. g3 d6 4. Bg2 e5 5. Nge2 Be6 6. d3 Qd7 7. f4 Bg4 8. h3
Bxe2 9. Nxe2 h5 10. Be3 Be7 11. c3 h4 12. g4 exf4 13. Nxf4 Ne5 14. Nd5 Nf6 15.
Nxe7 Qxe7 16. Bg5 O-O-O 17. O-O Qe6 18. Bxf6 gxf6 19. d4 Nc4 20. Qe2 d5 21.
dxc5 d4 22. cxd4 Rxd4 23. b3 Rd2 24. Qxc4 Rxg2+ 1/2-1/2

[Event "Bez EM 2007"]
[Site "Osterode"]
[Date "2007.09.29"]
[Round "4.11"]
[White "Thiele, Olaf"]
[Black "Grosse, Stefan"]
[Result "0-1"]
[WhiteElo "1384"]
[BlackElo "1673"]
[PlyCount "78"]
[EventDate "2007.??.??"]
[EventType "swiss"]
[EventRounds "5"]
[EventCountry "GER"]

1. d4 c5 2. Nf3 cxd4 3. Nxd4 e5 4. Nb3 d5 5. e3 Be6 6. N1d2 Ne7 7. c4 g6 8. Be2
Bg7 9. O-O Nd7 10. cxd5 Bxd5 11. e4 Bc6 12. f3 Qc7 13. Re1 Rd8 14. Qc2 b5 15.
Nf1 Qd6 16. Be3 a6 17. Rac1 O-O 18. Red1 Qe6 19. Na5 Rc8 20. Qb1 f5 21. Nxc6
Rxc6 22. Rxc6 Nxc6 23. exf5 gxf5 24. Rd2 Nd4 25. b3 Kh8 26. Bd3 Nc5 27. Bxd4
exd4 28. Re2 Qg6 29. Ng3 Nxd3 30. Qxd3 Qg5 31. Qd1 Rd8 32. Re6 a5 33. Ra6 d3
34. Rxa5 d2 35. Nf1 Bc3 36. Rxb5 Re8 37. Nxd2 Bxd2 38. Qa1+ Kg8 39. Qd4 Be3+
0-1

[Event "Bez EM 2007"]
[Site "Osterode"]
[Date "2007.09.30"]
[Round "5.1"]
[White "Helmke, Carsten"]
[Black "Geers, Bernhard"]
[Result "0-1"]
[WhiteElo "1992"]
[BlackElo "1996"]
[PlyCount "94"]
[EventDate "2007.??.??"]
[EventType "swiss"]
[EventRounds "5"]
[EventCountry "GER"]

1. d4 Nf6 2. c4 g6 3. Nc3 Bg7 4. e4 d6 5. Be2 O-O 6. Nf3 e5 7. O-O Nc6 8. d5
Ne7 9. b4 Nh5 10. Re1 f5 11. Ng5 Nf6 12. f3 Nh5 13. Bf1 Kh8 14. Kh1 Ng8 15. Ne6
Bxe6 16. dxe6 f4 17. c5 Bf6 18. cxd6 cxd6 19. Ba3 Bh4 20. Re2 Ng3+ 21. Kg1 Qb6+
22. Rf2 Nxf1 23. Qxf1 Qxf2+ 24. Qxf2 Bxf2+ 25. Kxf2 Rae8 26. b5 Rxe6 27. Rd1
Rd8 28. b6 a6 29. Nd5 Ne7 30. Nc7 Rf6 31. g3 g5 32. gxf4 gxf4 33. Rc1 Rh6 34.
Kg2 Nc6 35. Bb2 Rg8+ 36. Kh1 Rhg6 37. Nd5 Rg2 38. Bc3 Rxa2 39. Nxf4 Rf8 40. Nd5
Rxf3 41. Ba1 Rff2 42. h3 Rh2+ 43. Kg1 Rag2+ 44. Kf1 Rh1+ 45. Kxg2 Rxc1 46. Bb2
Rc2+ 47. Kf3 Rxb2 0-1

[Event "Bez EM 2007"]
[Site "Osterode"]
[Date "2007.09.30"]
[Round "5.2"]
[White "Schubert, Matthias"]
[Black "Pietsch, Michael"]
[Result "0-1"]
[WhiteElo "1891"]
[BlackElo "2057"]
[PlyCount "94"]
[EventDate "2007.??.??"]
[EventType "swiss"]
[EventRounds "5"]
[EventCountry "GER"]

1. e4 c6 2. Nf3 d5 3. Nc3 dxe4 4. Nxe4 Bg4 5. h3 Bh5 6. Ng3 Bxf3 7. Qxf3 Nf6 8.
Bc4 e6 9. O-O Nbd7 10. Re1 Be7 11. c3 O-O 12. d4 Nb6 13. Bb3 Nbd5 14. Bg5 b5
15. Bxf6 Bxf6 16. Ne4 Be7 17. Nc5 Bxc5 18. dxc5 a5 19. Bxd5 Qxd5 20. Qxd5 cxd5
21. a4 b4 22. cxb4 axb4 23. b3 Rfc8 24. Rac1 Ra5 25. c6 Kf8 26. Rc2 Ke7 27.
Rec1 Rc7 28. Rc5 Rxc5 29. Rxc5 Kd6 30. Rb5 Rxc6 31. Rxb4 Rc1+ 32. Kh2 e5 33. a5
d4 34. Ra4 Kc7 35. a6 Kb8 36. b4 Rb1 37. f3 d3 38. Ra2 Rxb4 39. Rd2 Rd4 40. g4
Ka7 41. Kg3 Kxa6 42. Kf2 Kb5 43. Ke3 Kc4 44. h4 Kc3 45. h5 h6 46. Rd1 d2 47.
Ke2 Kc2 0-1

[Event "Bez EM 2007"]
[Site "Osterode"]
[Date "2007.09.30"]
[Round "5.3"]
[White "Jacobi, Felix-Hagen"]
[Black "Wilting, Alexander"]
[Result "1/2-1/2"]
[WhiteElo "1914"]
[BlackElo "1836"]
[PlyCount "94"]
[EventDate "2007.??.??"]
[EventType "swiss"]
[EventRounds "5"]
[EventCountry "GER"]

1. e4 e5 2. Nc3 Nf6 3. Bc4 Nc6 4. d3 Na5 5. Bb3 Nxb3 6. axb3 d5 7. Bg5 dxe4 8.
dxe4 Qxd1+ 9. Rxd1 Bb4 10. Nge2 h6 11. Bh4 c6 12. Bg3 Nxe4 13. Bxe5 O-O 14. O-O
Bf5 15. Nxe4 Bxe4 16. Rd4 Bxc2 17. Rxb4 Rfe8 18. Rc1 Bg6 19. Nf4 Rxe5 20. Nxg6
fxg6 21. Rxb7 Rb5 22. Rd7 Rxb3 23. Rxc6 Rxb2 24. g3 Rf8 25. Rcc7 Rfxf2 26.
Rxg7+ Kf8 27. Rh7 Kg8 28. Rxh6 Rfd2 29. Rxg6+ Kh8 30. Rf6 Rd1+ 31. Rf1 Rxf1+
32. Kxf1 Rxh2 33. Rxa7 Rb2 34. Rf7 Kg8 35. Rf2 Rb3 36. Kg2 Rc3 37. Kh3 Ra3 38.
Kg4 Ra4+ 39. Kg5 Ra3 40. g4 Ra5+ 41. Rf5 Ra4 42. Rc5 Ra8 43. Rc7 Kf8 44. Kh5
Rb8 45. g5 Ra8 46. Kh6 Ra6+ 47. g6 Ra8 1/2-1/2

[Event "Bez EM 2007"]
[Site "Osterode"]
[Date "2007.09.30"]
[Round "5.4"]
[White "Beulshausen, Ralf"]
[Black "Seifart, Mario"]
[Result "0-1"]
[WhiteElo "1604"]
[BlackElo "1846"]
[PlyCount "44"]
[EventDate "2007.??.??"]
[EventType "swiss"]
[EventRounds "5"]
[EventCountry "GER"]

1. e4 e6 2. Nf3 d5 3. Nc3 Nf6 4. exd5 exd5 5. d4 Bg4 6. Bb5+ c6 7. Bd3 Be7 8.
Be3 Nbd7 9. Be2 Qc7 10. a3 a5 11. h3 Bh5 12. O-O O-O 13. Re1 Bd6 14. Nd2 Bg6
15. Nf3 Rae8 16. Qd2 b5 17. Na2 Ne4 18. Qc1 f5 19. Nh4 f4 20. Nxg6 fxe3 21. f3
Bh2+ 22. Kf1 Ng3# 0-1

[Event "Bez EM 2007"]
[Site "Osterode"]
[Date "2007.09.30"]
[Round "5.5"]
[White "Markgraf, Stefan"]
[Black "Rüggeberg, Jan"]
[Result "0-1"]
[WhiteElo "2097"]
[BlackElo "1824"]
[PlyCount "80"]
[EventDate "2007.??.??"]
[EventType "swiss"]
[EventRounds "5"]
[EventCountry "GER"]

1. e4 d6 2. d4 h6 3. Bc4 g5 4. Nc3 Bg7 5. Nge2 Nc6 6. Be3 Nf6 7. h4 Ng4 8. hxg5
Nxe3 9. fxe3 hxg5 10. Rxh8+ Bxh8 11. Ng3 e6 12. Qh5 Qf6 13. O-O-O Bd7 14. Rf1
Qg7 15. Nb5 Ke7 16. Nxc7 Rc8 17. Nb5 Nxd4 18. Nxd4 Rxc4 19. c3 b5 20. a3 a5 21.
Nf3 g4 22. Nd4 b4 23. Qxa5 bxc3 24. bxc3 Qh6 25. Kd2 Bxd4 26. cxd4 Rxd4+ 27.
Ke2 Ra4 28. Qb6 Rxa3 29. Kf2 Qg5 30. Rd1 Qc5 31. Qxc5 dxc5 32. Rc1 Ra2+ 33. Kg1
Kd6 34. Rd1+ Kc7 35. Nh5 Bc6 36. Nf6 g3 37. Rc1 Kd6 38. Kh1 Re2 39. Kg1 Rxe3
40. Kf1 Bxe4 0-1

[Event "Bez EM 2007"]
[Site "Osterode"]
[Date "2007.09.30"]
[Round "5.7"]
[White "Krumschmidt, Michael"]
[Black "Wiegand, Christian"]
[Result "0-1"]
[WhiteElo "1708"]
[BlackElo "1779"]
[PlyCount "64"]
[EventDate "2007.??.??"]
[EventType "swiss"]
[EventRounds "5"]
[EventCountry "GER"]

1. d4 Nf6 2. c4 e6 3. Bg5 c5 4. d5 exd5 5. cxd5 d6 6. Nf3 b5 7. e4 a6 8. Nc3
Bg4 9. Be2 Bxf3 10. Bxf3 Nbd7 11. O-O Be7 12. Re1 Ra7 13. Bf4 Qb8 14. Bg4 O-O
15. Bf5 g6 16. Bh3 Nh5 17. Bh6 Re8 18. Re3 c4 19. Bg4 Nhf6 20. f4 Qb6 21. Kf2
Nc5 22. Be2 Ncxe4+ 23. Kf3 Nxc3 24. bxc3 Bf8 25. Rxe8 Nxe8 26. Bg5 Bg7 27. Qc2
Nf6 28. Rd1 Re7 29. f5 h6 30. Bc1 Ne4 31. f6 Qf2+ 32. Kg4 Qxg2+ 0-1

[Event "Bez EM 2007"]
[Site "Osterode"]
[Date "2007.09.30"]
[Round "5.8"]
[White "Weiser, Klaus-Dieter"]
[Black "Tietze, Manfred"]
[Result "0-1"]
[WhiteElo "1474"]
[BlackElo "1896"]
[PlyCount "114"]
[EventDate "2007.??.??"]
[EventType "swiss"]
[EventRounds "5"]
[EventCountry "GER"]

1. e4 e5 2. Nf3 Nc6 3. Bb5 d6 4. O-O Bd7 5. d4 Nf6 6. Bg5 Be7 7. Re1 h6 8. Bxf6
Bxf6 9. c3 O-O 10. d5 Ne7 11. Bxd7 Qxd7 12. Nbd2 g6 13. Nf1 Bg7 14. Ng3 f5 15.
Qd3 f4 16. Nf1 g5 17. h3 Ng6 18. N1h2 Rf7 19. a4 a6 20. b4 Bf6 21. Ng4 Bg7 22.
b5 a5 23. c4 b6 24. Rac1 h5 25. Ngh2 Bh6 26. Kf1 g4 27. hxg4 hxg4 28. Nd2 Kg7
29. f3 gxf3 30. Qxf3 Rh8 31. Ke2 Bg5 32. Rh1 Rh4 33. Rcg1 Kg8 34. Nhf1 Rfh7 35.
Rxh4 Rxh4 36. g3 Rg4 37. Nh2 Rxg3 38. Rxg3 fxg3 39. Qxg3 Qg7 40. Qg4 Nf4+ 41.
Kd1 Nd3 42. Kc2 Nc5 43. Ndf3 Bd8 44. Nd2 Qxg4 45. Nxg4 Nxa4 46. Nh6+ Kg7 47.
Nf5+ Kg6 48. Nf3 Nc5 49. Nd2 Nxe4 50. Nxe4 Kxf5 51. Kd3 Bh4 52. Nc3 Bf2 53. Na4
Bd4 54. Kd2 Kf4 55. Kd3 Kf3 56. Kd2 e4 57. Ke1 e3 0-1